Turcomenistão - Statistics

Estatísticas Gerais
  • Esse quiz foi jogado 18 vezes
  • A pontuação média é 8 de 13
Estatísticas das Respostas
Hint Resposta % Correto
Onde fica? Ásia
100%
Com que país faz fronteira a Nordeste e Leste? Uzbequistão
94%
Com que país faz fronteira a Sudeste? Afeganistão
88%
Com que país faz fronteira a Noroeste? Cazaquistão
88%
Com que país faz fronteira com a Sul e Sudoeste? Irão
88%
Qual é a sua moeda? Manate turcomeno
76%
Qual é o seu idioma? Turcomeno
76%
Qual é a sua capital? Asgabate
65%
Com que mar faz fronteira a Oeste? Cáspio
59%
Qual é a sua religião? Islamismo
59%
Que deserto cobre o país? Caracum
24%
Qual é o seu pão típico? Chorek
0%
Qual é a sua sopa típica? Sorpa
0%
Nenhum quiz correspondente encontrado
Distribuição das Pontuações
Porcentagem de Pessoas com Cada Pontuação
Percentil de Números Respondidos
Sua Pontuação Histórica
Você não jogou esse quiz